Times que Disputaram a Série C do Campeonato Brasileiro desde 2009 - Statistics

Estatísticas Gerais
  • Esse quiz foi jogado 107 vezes
  • A pontuação média é 59 de 88
Estatísticas das Respostas
UF Anos Clube % Correto
MG 2009 América-MG
97%
RN 2011, 2015-2016, 2023 América-RN
97%
RN 2010, 2016, 2018-2019, 2022, 2024 ABC
91%
RS 2009-2011, 2015, 2022 Brasil de Pelotas
91%
MT 2012-2018 Cuiabá
88%
SC 2009-2010, 2020-2021 Criciúma
87%
AL 2017, 2023-2024 CSA
87%
PB 2014-2024 Botafogo-PB
86%
SP 2016-2018, 2021-2022 Botafogo-SP
86%
PA 2009-2012, 2014, 2019-2023 Paysandu
86%
PA 2016-2020, 2022-2024 Remo
86%
DF 2011-2013 Brasiliense
85%
SC 2021-2024 Figueirense
85%
AL 2009-2011, 2013-2014 CRB
83%
AM 2023 Amazonas
81%
MA 2009, 2013, 2017, 2019, 2024 Sampaio Corrêa
81%
SC 2010-2012 Chapecoense
80%
RJ 2012-2014 Duque de Caxias
80%
DF 2009-2010 Gama
80%
PE 2018-2019, 2023-2024 Náutico
80%
SP 2013-2016 Guarani
79%
SC 2011, 2017-2018 Joinville
79%
BA 2022 Vitória
79%
AC 2018-2019 Atlético-AC
78%
CE 2022 Atlético-CE
78%
CE 2010-2017 Fortaleza
78%
PE 2012-2013, 2018-2021 Santa Cruz
78%
RS 2009-2015, 2024 Caxias
77%
GO 2012-2013, 2015, 2020 Vila Nova
77%
AL 2009, 2014-2017 ASA de Arapiraca
76%
RS 2010, 2014-2016, 2019 Juventude
76%
AM 2020-2023 Manaus
76%
PR 2018, 2023 Operário-PR
76%
SP 2015-2016 Portuguesa
76%
RJ 2017-2024 Volta Redonda
74%
PB 2010-2011, 2022 Campinense
73%
SP 2014 São Caetano
71%
PB 2012-2014, 2019-2020 Treze
71%
MA 2017 Moto Club
70%
SP 2024 Ferroviária
69%
CE 2019-2022, 2024 Ferroviário
69%
PI 2021-2023 Altos
67%
SC 2020, 2023 Brusque
67%
MG 2015-2021, 2024 Tombense
67%
PR 2021 Paraná
66%
MG 2009-2010, 2016, 2019-2020 Boa Esporte
65%
SE 2009, 2015-2019, 2022-2024 Confiança
65%
PI 2016 River-PI
65%
RS 2016-2024 Ypiranga de Erechim
65%
MG 2011, 2013 Ipatinga
64%
AC 2009-2011, 2013 Rio Branco
64%
SP 2011-2012 Santo André
64%
MG 2024 Athletic-MG
63%
SP 2017-2018 Bragantino
62%
PR 2015, 2020, 2024 Londrina
62%
MT 2009-2013, 2018-2019 Luverdense
62%
RS 2019-2024 São José-RS
62%
SP 2023-2024 São Bernardo
60%
PA 2009-2015 Águia de Marabá
58%
RN 2018-2019 Globo
58%
SP 2020-2021 Ituano
58%
BA 2020-2021 Jacuipense
58%
GO 2022-2024 Aparecidense
57%
SP 2021-2022 Mirassol
57%
BA 2018 Juazeirense
55%
RJ 2010-2014, 2016-2017 Macaé
55%
SP 2021 Novorizontino
55%
SP 2012, 2021 Oeste
55%
GO 2013-2014 CRAC
53%
CE 2009, 2012, 2015 Icasa
51%
CE 2021-2024 Floresta
50%
SP 2013 Grêmio Barueri
50%
MT 2009 Mixto
50%
RN 2010 Alecrim
49%
RJ 2011-2015 Madureira
49%
MG 2012, 2014-2015, 2017-2018 Tupi
49%
SP 2009, 2014-2016 Guaratinguetá
48%
SP 2009-2011 Marília
48%
SP 2017, 2020 São Bento
48%
MA 2019-2020 Imperatriz
47%
RN 2013 Baraúnas
44%
MG 2023 Pouso Alegre
44%
CE 2011-2012 Guarany de Sobral
43%
PA 2010 São Raimundo-PA
43%
TO 2011 Araguaína
42%
PE 2009-2010, 2012, 2014-2018 Salgueiro
42%
SC 2009 Marcílio Dias
36%
SP 2013-2014, 2016-2017 Mogi Mirim
34%
Nenhum quiz correspondente encontrado
Distribuição das Pontuações
Porcentagem de Pessoas com Cada Pontuação
Percentil de Números Respondidos
Sua Pontuação Histórica
Você não jogou esse quiz